000 00467nam a2200181Ia 4500
999 _c1760
_d1760
003 OSt
005 20200924144519.0
008 190216s9999||||xx |||||||||||||| ||und||
020 _a9788189261313
040 _coclc
082 _a503
_bAJA/D
100 _aAjay
_94962
245 0 _aDictionary Of Science /
_cAjay
260 _bK S Paper Backs,
_aNew Delhi:
300 _a1103p
650 _aBotany
942 _cBK
_2ddc
_h503
_iAJA/D
_k503
_mAJA/D